000 01065nam a22003257a 4500
003 CHAP
005 20220817042218.0
008 971013s1960 r 00010 d
010 _a37722
011 _a38694
035 _a42814
040 _cCHAP
082 _a636.0896
_bF2
110 _aFAO
245 _aInforme de la reunión internacional sobre enseñanza veterinaria, Londres 1960
260 _aRoma :
_bFAO,
_c1960
300 _a130 p.
490 _aFAO. Informe An-1960/4
590 _aBATCH-UPD
_b10
_c20130110
_lUCH01
_h0048
590 _aBATCH-UPD
_b10
_c20130110
_lUCH01
_h2138
590 _aBATCH-UPD
_b10
_c20130409
_lUCH01
_h2035
590 _aBATCH-UPD
_b10
_c20130914
_lUCH01
_h1555
590 _aCONVERSION
_b10
_c20130109
_lUCH01
_h1321
650 1 4 _aVeterinaria
_xEstudio y enseñanza.
_9118996
711 0 _aReunión Internacional de la FAO sobre Enseñanza Veterinaria (1960 : Londres)
_996393
830 0 _aFAO. Informe An-1960/4
_939585
901 _aBK
942 _cLIBRO
949 _a636.0896 F2
_bBC
_cFAO
_d-98443
_eFAO1
_h24434
_i42814
_si
999 _c37722
_d37722